000 01133nam a2200337Ia 4500
003 OSt
005 20221007124257.0
006 a|||||r|||| 00| 0
007 ta
008 221006b |||||||| |||| 00| 0 eng d
020 _a9780471720911 (hb)
024 _a148398
037 _b436, 22/09/2011, Dhanraj Book House
_cTextual
040 _aCDL
_cCDL
_beng
041 _2eng
_aeng
082 _aE5:218, P1;P7;3-;4 CARC
100 _aMarch Jerry
245 0 _aAdvanced organic chemistry: Reaction, mechanisms, and structure
_b Smith Michael, B
250 _a6th
260 _aUSA
_bJohn wiley
_c2011
300 _axx; 2357
_ccm.
500 _aInclude bibliographical references; Appendix 1873-1936; Index1937-2357
650 _a Mechanism chemistry
_9718853
650 _a Organic chemistry
650 _a Reaction chemistry
_9718854
650 _a Structure chemistry
_9718855
650 _aChemistry
700 _a Smith Michael, B
942 _hE5:218, P1;P7;3-;4 CARC
_cTEXL
_2CC
999 _c1213294
_d1213294